000
00321nam a2200145Ia 4500
100
_a
Koppikar/V.U
650
_a
General
942
_c
BK
654
_a
manual
245
_a
Manual of vocations and careers
260
_b
ULK Publication
_a
Bombay
_c
1990
082
_a
371.420954
_b
KOP
300
_a
332
546
_a
ENGLISH
999
_c
29382
_d
29382